00721nam a22002177a 450000500170000001000140001702000260003103500130005703700130007008200120008310000230009524500650011825000110018326000340019427000280022830000420025670000250029894200260032399900170034995201370036620100723154034.0 aENG-96787 a9788120338326c695.00 aEN-80320 bDBAD/PUB a005.133 aDeitel, Paul91059 aJava :bhow to program /cby paul deite [and] harvey deitel a8th ed aNew DelhibPhi learningc2010 aM-97, Connaught circus, axxxviii ,1506 pc23 cm.(pbk)e1CD-ROM aDeitel, Harvey91060 2ddccENh005.133mDEI c37438d37438 001040718NFICaDBADbDBADd2010-07-23eDBAD/PUBg695.00l0o005.133 DEIpEN-80320r2010-07-23 00:00:00t1v695.00w2010-07-23yEN